|
|
|
|
| LEADER |
00000cam a2200000 a 4500 |
| 001 |
vtls001466868 |
| 003 |
SK-MaSNL |
| 005 |
20260301203512.0 |
| 008 |
180815s1981 xo 00100 slo |
| 035 |
|
|
|a SNK000422173
|
| 040 |
|
|
|a SNK
|b slo
|c SNK
|e AACR2
|
| 041 |
0 |
|
|a slo
|
| 044 |
|
|
|a xo
|c SK
|
| 072 |
|
7 |
|a 930
|x Historická veda. Pomocné vedy historické. Archívnictvo
|2 konspekt
|
| 080 |
|
|
|a 930
|2 1981
|
| 080 |
|
|
|a 303.436.2
|2 1981
|
| 080 |
|
|
|a 930.25
|2 1981
|
| 080 |
|
|
|a (036)
|2 1981
|
| 110 |
2 |
|
|a Matica slovenská.
|b Literárny archív
|4 aut
|9 157681
|
| 245 |
1 |
0 |
|a Sprievodca po fondoch Literárneho archívu Matice slovenskej
|
| 250 |
|
|
|a 1. vyd.
|
| 260 |
|
|
|a V Martine
|b Matica slovenská
|c 1981
|
| 300 |
|
|
|a 154 s.
|c 20 cm
|
| 366 |
|
|
|e 300 výtl.
|
| 490 |
1 |
|
|a Dokumentácia. fondy Literárneho archívu Matice slovenskej
|v č.79
|
| 650 |
0 |
7 |
|a literárne archívy
|2 SNK
|9 66951
|
| 655 |
|
7 |
|a katalógy archívnych fondov
|2 SNKPH
|9 316390
|
| 752 |
|
|
|a Slovensko
|d Martin
|
| 830 |
|
0 |
|a Dokumentácia. fondy Literárneho archívu Matice slovenskej
|9 587072
|
| 958 |
|
|
|a OND
|
| 999 |
|
|
|c 902857
|d 904787
|
| 952 |
|
|
|t P60, <03>, [BOOK], {603}
|a SNK
|b SNK
|y PREZ
|7 0
|p 17A0410293
|o snkOSD 8728
|i snkK 1074/2003
|g 1.66
|0 0
|1 0
|4 0
|d 2004-02-23
|l 0
|r 2005-01-02 00:00:00
|w 2026-02-24
|
| 952 |
|
|
|t P60, <04>, [BOOK], {604}
|a SNK
|b SNK
|y VYP
|7 0
|p 17A0410294
|o snkOSD 8728 D1
|i snkK 1075/2003
|g 1.66
|0 0
|1 0
|4 0
|d 2004-02-23
|l 0
|r 2005-01-02 00:00:00
|w 2026-02-24
|